| 000 | 00425nam a2200157Ia 4500 | ||
|---|---|---|---|
| 003 | GCL | ||
| 008 | 140319s9999 xx 000 0 eng d | ||
| 040 |
_aGCL / _cGCL |
||
| 082 | 0 | 4 |
_a657.42 _bK E |
| 100 | 1 | _aKOHLI, D. D. | |
| 245 | 1 | 0 |
_aESTIMATING COSTING AND ACCOUNTS (CIVIL) / _cKOHLI, D. D. |
| 260 |
_a[S.N] : _bS. CHAND & COMPANY LTD ، _c1994 |
||
| 650 | 0 | 4 | _aACCOUNTING |
| 650 | 0 | 4 | _aCOSTING ACCOUNTS |
| 942 |
_2ddc _cBK |
||
| 999 |
_c10586 _d10586 |
||